[Event "22nd EUR-ch (w)"]
[Site "Prague CZE"]
[Date "2022.08.27"]
[Round "7.52"]
[White "Kucharska, Honorata"]
[Black "Folkova, Martina"]
[Result "1/2-1/2"]
[WhiteElo "2193"]
[BlackElo "1991"]
[EventDate "2022.08.20"]
[PlyCount "67"]

1.e4 e5 2.Nf3 Nc6 3.Bc4 Bc5 4.c3 Nf6 5.d3 a6 6.O-O d6 7.a4 Ba7 8.b4 Ne7 9.
Re1 c6 10.Be3 Bxe3 11.Rxe3 O-O 12.h3 Ng6 13.Nbd2 Nf4 14.d4 N6h5 15.Bf1 
Nxh3+ 16.gxh3 Nf4 17.Nh2 f5 18.dxe5 dxe5 19.Nc4 Qh4 20.Nb6 fxe4 21.Nxc8 
Nd5 22.Rg3 e3 23.Qg4 exf2+ 24.Kh1 Qxg4 25.Nxg4 Raxc8 26.Bc4 h5 27.Nh2 Kh8 
28.Bxd5 cxd5 29.Kg2 e4 30.Ra2 Rc4 31.Rd2 Rfc8 32.Rxd5 Rxc3 33.Rxh5+ Kg8 
34.Rxc3 1/2-1/2

[Event "22nd EUR-ch (w)"]
[Site "Prague CZE"]
[Date "2022.08.27"]
[Round "7.53"]
[White "Tashkinova, Sofiia"]
[Black "Utiatskaya, Irina"]
[Result "1/2-1/2"]
[WhiteElo "2011"]
[BlackElo "2154"]
[EventDate "2022.08.20"]
[PlyCount "81"]

1.e4 c5 2.Nf3 d6 3.Bb5+ Nc6 4.O-O Bd7 5.Re1 Nf6 6.c3 a6 7.Bf1 Bg4 8.d3 e5 
9.Bg5 h6 10.Bh4 Be7 11.Nbd2 O-O 12.h3 Bh5 13.Be2 Bg6 14.Nc4 b5 15.Ne3 Ne8 
16.Bxe7 Qxe7 17.g4 Nc7 18.Kh2 Rad8 19.Nf5 Qf6 20.Rg1 d5 21.Qc1 dxe4 22.
dxe4 Ne6 23.Qe3 Nf4 24.a4 Nxe2 25.Qxe2 c4 26.axb5 axb5 27.Rgd1 Bxf5 28.
gxf5 g6 29.Ra6 gxf5 30.exf5 Kh7 31.Rxd8 Rxd8 32.Qe4 Rd6 33.Ne1 Nb8 34.Rxd6
Qxd6 35.Nf3 Nd7 36.Kg2 Qf6 37.Kf1 Kg7 38.Qg4+ Kh7 39.Qe4 Kg7 40.Qg4+ Kh7 
41.Qe4 1/2-1/2

[Event "22nd EUR-ch (w)"]
[Site "Prague CZE"]
[Date "2022.08.27"]
[Round "7.54"]
[White "Svobodova, Michaela"]
[Black "Dwilewicz, Katarzyna"]
[Result "1-0"]
[WhiteElo "1943"]
[BlackElo "2131"]
[EventDate "2022.08.20"]
[PlyCount "93"]

1.e4 c5 2.Nf3 e6 3.g3 Nc6 4.Bg2 Nf6 5.d3 d5 6.exd5 exd5 7.d4 Bg4 8.O-O 
Nxd4 9.Qe1+ Ne6 10.Ne5 Bf5 11.c4 Be4 12.f3 Bf5 13.g4 Bxb1 14.Rxb1 Be7 15.
g5 Nh5 16.f4 O-O 17.cxd5 Nd4 18.Be3 f6 19.Bxd4 cxd4 20.gxf6 Nxf6 21.Qd2 
Bc5 22.b4 Bb6 23.a4 a6 24.a5 Ba7 25.b5 axb5 26.Rxb5 Rc8 27.Rxb7 Rc2 28.Qd3
Qxa5 29.Qxc2 d3+ 30.Rxa7 Qxa7+ 31.Qf2 Qa3 32.Qe3 Nh5 33.Nxd3 Nxf4 34.Rxf4 
Rxf4 35.Qxf4 Qxd3 36.Qb8+ Kf7 37.Qc7+ Kg6 38.Qg3+ Qxg3 39.hxg3 Kf6 40.Kf2 
Ke5 41.Ke3 h5 42.Bf3 g6 43.Kd3 g5 44.Kc4 h4 45.gxh4 gxh4 46.Kc5 Kf4 47.Bh1
1-0

[Event "22nd EUR-ch (w)"]
[Site "Prague CZE"]
[Date "2022.08.27"]
[Round "7.55"]
[White "Kochavi, Dana"]
[Black "Schloffer, Jasmin-Denise"]
[Result "0-1"]
[WhiteElo "1894"]
[BlackElo "2127"]
[EventDate "2022.08.20"]
[PlyCount "68"]

1.e4 e5 2.Nf3 Nc6 3.Bb5 a6 4.Ba4 Nf6 5.O-O Be7 6.Re1 b5 7.Bb3 d6 8.c3 O-O 
9.h3 Na5 10.Bc2 c5 11.d4 Nd7 12.Nbd2 exd4 13.cxd4 Nc6 14.d5 Nce5 15.Nxe5 
Nxe5 16.f4 Ng6 17.Nf3 f5 18.e5 Bb7 19.e6 Ra7 20.Qd3 Qa8 21.Rd1 Bd8 22.b4 
c4 23.Qe3 Ne7 24.Nd4 Bb6 25.Kh2 Nxd5 26.Qg3 Bxd4 27.Rxd4 Rf6 28.Qe1 Qe8 
29.Bb2 Rxe6 30.Qg3 c3 31.Bxc3 Rg6 32.Re1 Qa8 33.Qh4 Nxc3 34.g3 Be4 0-1

[Event "22nd EUR-ch (w)"]
[Site "Prague CZE"]
[Date "2022.08.27"]
[Round "7.56"]
[White "Sankova, Stella"]
[Black "Tsotsonava, Elene"]
[Result "1-0"]
[WhiteElo "2067"]
[BlackElo "1858"]
[EventDate "2022.08.20"]
[PlyCount "77"]

1.e4 e5 2.Nf3 Nc6 3.Bc4 Nf6 4.d3 Be7 5.O-O O-O 6.Re1 d6 7.a4 Na5 8.Ba2 c5 
9.c3 a6 10.h3 Bd7 11.d4 Qc7 12.Na3 b5 13.axb5 axb5 14.Bd2 c4 15.Nc2 Bc6 
16.d5 Bd7 17.Nb4 Nb7 18.Bg5 Nc5 19.Nd2 h6 20.Bh4 Rfe8 21.Qc2 Nh5 22.Bxe7 
Rxe7 23.b3 Nf4 24.bxc4 Qc8 25.Re3 f5 26.cxb5 Bxb5 27.exf5 Ba4 28.Qb1 Rf7 
29.Nc4 Qd8 30.Kh2 Rfa7 31.g3 Qg5 32.gxf4 Qxf4+ 33.Kg2 Bb3 34.Nxd6 Ra3 35.
Nb5 R3a5 36.Nc7 Qg5+ 37.Rg3 Qd2 38.Nxa8 Rxa2 39.Rxa2 1-0

[Event "22nd EUR-ch (w)"]
[Site "Prague CZE"]
[Date "2022.08.27"]
[Round "7.57"]
[White "Acarbay, Algi"]
[Black "Sevcikova, Lucia"]
[Result "1-0"]
[WhiteElo "1951"]
[BlackElo "2058"]
[EventDate "2022.08.20"]
[PlyCount "55"]

1.e4 c5 2.Nf3 d6 3.Bb5+ Nd7 4.O-O a6 5.Bd3 Ngf6 6.c3 b5 7.a4 c4 8.Bc2 Bb7 
9.axb5 axb5 10.Rxa8 Qxa8 11.Na3 Bxe4 12.Bxe4 Nxe4 13.Nxb5 Qa5 14.Na3 d5 
15.d3 cxd3 16.Qxd3 e6 17.b4 Qa4 18.Nb5 f6 19.Nc7+ Kf7 20.Nxd5 f5 21.Nf4 g5
22.Nxe6 Kxe6 23.Qc4+ Ke7 24.Nxg5 Qc2 25.Qe6+ Kd8 26.Nf7+ Kc8 27.Qc6+ Kb8 
28.Bf4+ 1-0

[Event "22nd EUR-ch (w)"]
[Site "Prague CZE"]
[Date "2022.08.27"]
[Round "7.58"]
[White "Froewis, Annika"]
[Black "Kordzadze, Nino"]
[Result "1-0"]
[WhiteElo "2044"]
[BlackElo "1993"]
[EventDate "2022.08.20"]
[PlyCount "155"]

1.e4 e6 2.d4 d5 3.Nc3 Nf6 4.e5 Nfd7 5.f4 c5 6.Nf3 Nc6 7.Be3 a6 8.Qd2 Be7 
9.a3 b5 10.Bd3 g6 11.O-O Bb7 12.Kh1 cxd4 13.Nxd4 Nb6 14.b3 Qc7 15.Nce2 Nd7
16.Nxc6 Qxc6 17.Nd4 Qc7 18.Qe2 Nb8 19.Qf3 Nc6 20.Qh3 Nxd4 21.Bxd4 Bc5 22.
Bxc5 Qxc5 23.b4 Qe7 24.Qh6 Qf8 25.Qxf8+ Kxf8 26.a4 bxa4 27.Rxa4 Kg7 28.
Rfa1 Rhc8 29.Kg1 f6 30.Bxa6 Bxa6 31.Rxa6 Rxa6 32.Rxa6 fxe5 33.fxe5 Rxc2 
34.Rxe6 Rb2 35.Rd6 Rxb4 36.Rxd5 Kf7 37.Rd7+ Ke6 38.Rxh7 Kxe5 39.Rf7 Rb2 
40.Rf3 Ra2 41.h3 Ke4 42.Kh2 Ke5 43.h4 Ra4 44.Kh3 Rb4 45.g3 Ra4 46.Rf8 Rb4 
47.Kg2 Ra4 48.Kf3 Ke6 49.Rf4 Ra5 50.g4 Ra3+ 51.Kg2 Ke5 52.Rf3 Ra1 53.g5 
Ra6 54.Kg3 Ra1 55.Kh3 Rh1+ 56.Kg4 Rc1 57.Re3+ Kd5 58.Kf4 Rc4+ 59.Kg3 Ra4 
60.Rf3 Ke5 61.Rf6 Ra3+ 62.Kg2 Ra2+ 63.Kg3 Ra3+ 64.Rf3 Ra4 65.Rb3 Kf5 66.
Rb5+ Ke6 67.Rb6+ Kf5 68.Rf6+ Ke5 69.Rxg6 Ra3+ 70.Kg4 Ra4+ 71.Kh5 Ra8 72.
Rb6 Kf5 73.Rb5+ Kf4 74.Kg6 Ra6+ 75.Kh7 Ra7+ 76.Kh6 Ra8 77.g6 Ra6 78.h5 1-0

[Event "22nd EUR-ch (w)"]
[Site "Prague CZE"]
[Date "2022.08.27"]
[Round "7.59"]
[White "Trasakova, Adela"]
[Black "Head, Louise"]
[Result "1/2-1/2"]
[WhiteElo "1862"]
[BlackElo "2024"]
[EventDate "2022.08.20"]
[PlyCount "159"]

1.d4 d5 2.Nf3 e6 3.g3 c5 4.Bg2 cxd4 5.Nxd4 Nf6 6.O-O e5 7.Nb3 Be6 8.c4 Nc6
9.cxd5 Nxd5 10.Bd2 Be7 11.Nc3 Nf6 12.Bg5 O-O 13.Bxf6 gxf6 14.e3 Qxd1 15.
Rfxd1 Nb4 16.Nd5 Nxd5 17.Bxd5 Bg4 18.f3 Bc8 19.e4 a5 20.a4 Ra7 21.Rac1 b6 
22.Rc4 Ba6 23.Rc6 Be2 24.Rdc1 Bxf3 25.Rxb6 f5 26.Rb5 fxe4 27.Nxa5 Bg5 28.
Ra1 Rd7 29.Nc6 Be3+ 30.Kf1 Bd4 31.a5 Rc8 32.a6 Rcc7 33.Nxd4 exd4 34.Bb7 
Kg7 35.a7 Rd8 36.a8=Q Rxa8 37.Bxa8 Rc2 38.Rg5+ Kf6 39.Raa5 Rc1+ 40.Kf2 
Rc2+ 41.Ke1 d3 42.Raf5+ Ke7 43.Rxf3 exf3 44.Bxf3 Rxb2 45.Rh5 Ke6 46.Rxh7 
f5 47.h4 Rh2 48.h5 Rh3 49.Kf2 Rh2+ 50.Ke3 d2 51.Bd1 Rh3 52.Kf4 Rh1 53.Bb3+
Kd6 54.Kxf5 Rf1+ 55.Kg5 Rf3 56.Bd1 Rxg3+ 57.Kh6 Rg1 58.Ba4 Ra1 59.Rd7+ Ke6
60.Rxd2 Rxa4 61.Rf2 Rg4 62.Kh7 Ke7 63.h6 Rg1 64.Rf3 Rg2 65.Ra3 Kf7 66.Ra7+
Kf8 67.Rg7 Rh2 68.Rg1 Rf2 69.Rg8+ Kf7 70.Ra8 Rg2 71.Kh8 Rg1 72.Ra7+ Kf8 
73.h7 Rg2 74.Ra8+ Kf7 75.Rg8 Rh2 76.Rg1 Rf2 77.Rg7+ Kf8 78.Rg8+ Kf7 79.
Rg7+ Kf8 80.Rg8+ 1/2-1/2

[Event "22nd EUR-ch (w)"]
[Site "Prague CZE"]
[Date "2022.08.27"]
[Round "7.60"]
[White "Grineva, Marianna"]
[Black "Pribylova, Sofie"]
[Result "1-0"]
[WhiteElo "2006"]
[BlackElo "1981"]
[EventDate "2022.08.20"]
[PlyCount "95"]

1.e4 c5 2.Nf3 d6 3.Nc3 a6 4.d4 cxd4 5.Nxd4 Nf6 6.f3 e5 7.Nb3 Be6 8.Nd5 
Bxd5 9.exd5 Nbd7 10.Be3 h5 11.Qd2 g6 12.Na5 Qc7 13.c4 Bg7 14.Be2 O-O 15.
Rc1 b6 16.Nc6 a5 17.O-O Nb8 18.Nxb8 Raxb8 19.a3 Nd7 20.Bd1 f5 21.Kh1 Nf6 
22.Ba4 Qf7 23.Bc6 f4 24.Bg1 h4 25.b4 axb4 26.axb4 Nh5 27.Bf2 Ng3+ 28.Bxg3 
fxg3 29.Qg5 Qf6 30.Qg4 Bh6 31.Ra1 Rf7 32.Bd7 Kg7 33.Rfd1 gxh2 34.c5 bxc5 
35.bxc5 h3 36.c6 hxg2+ 37.Qxg2 e4 38.fxe4 Rb2 39.Qg3 Bf4 40.Qf3 Qe5 41.Rf1
Rc2 42.Be6 Rf6 43.Ra7+ Kf8 44.Bf5 gxf5 45.Qxf4 Qd4 46.Rd7 Ke8 47.Qh4 Rg6 
48.Qe7# 1-0

[Event "22nd EUR-ch (w)"]
[Site "Prague CZE"]
[Date "2022.08.27"]
[Round "7.61"]
[White "Shatil, Or"]
[Black "Katter, Katharina"]
[Result "0-1"]
[WhiteElo "1842"]
[BlackElo "1960"]
[EventDate "2022.08.20"]
[PlyCount "86"]

1.e4 c5 2.Nf3 d6 3.d4 cxd4 4.Nxd4 Nf6 5.Nc3 a6 6.Be2 e5 7.Nf3 Be7 8.Bg5 
Be6 9.Bxf6 Bxf6 10.O-O O-O 11.Nd5 Nd7 12.Bc4 Rc8 13.Qe2 Nb6 14.Nxb6 Qxb6 
15.Bxe6 fxe6 16.c3 Rc6 17.Rad1 Qa5 18.a3 Qa4 19.Rd2 Be7 20.Rb1 Rf4 21.Re1 
Rc4 22.b3 Qxb3 23.Rb2 Qxc3 24.Rxb7 Bf8 25.Rb8 h6 26.Nd2 Rd4 27.Nb3 Rdxe4 
28.Qxe4 Rxe4 29.Rxe4 Qc2 30.Re1 Qc7 31.Rb4 d5 32.Rc1 Qa7 33.Rc8 Kf7 34.
Rbb8 Bd6 35.Ra8 Qb7 36.Nd2 e4 37.g3 d4 38.Nc4 Bc7 39.Rf8+ Kg6 40.h4 Qd5 
41.Nd2 e3 42.Nf3 Qxf3 43.Rxf3 e2 0-1

[Event "22nd EUR-ch (w)"]
[Site "Prague CZE"]
[Date "2022.08.28"]
[Round "8.1"]
[White "Socko, Monika"]
[Black "Mammadzada, Gunay"]
[Result "1-0"]
[WhiteElo "2423"]
[BlackElo "2466"]
[EventDate "2022.08.20"]
[PlyCount "59"]

1.d4 d5 2.c4 c6 3.e3 Nf6 4.Nf3 Bf5 5.Nc3 e6 6.Nh4 Be4 7.f3 Bg6 8.Qb3 Qc7 
9.Bd2 Be7 10.cxd5 cxd5 11.Nxg6 hxg6 12.O-O-O a6 13.Kb1 Nc6 14.Rc1 Nd7 15.
Bd3 Rc8 16.Ne2 b5 17.a4 bxa4 18.Qxa4 Nb6 19.Qxa6 Ra8 20.Qb5 Kd7 21.Rc3 Na4
22.Rxc6 Qxc6 23.Rc1 Qxb5 24.Bxb5+ Kd8 25.Rc6 Rxh2 26.b3 Rxg2 27.bxa4 Rb8 
28.Ba5+ Kd7 29.Rc7+ Kd8 30.Rc2+ 1-0

[Event "22nd EUR-ch (w)"]
[Site "Prague CZE"]
[Date "2022.08.28"]
[Round "8.2"]
[White "Gevorgian, Maria"]
[Black "Malcewska, Aleksandra"]
[Result "1-0"]
[WhiteElo "2216"]
[BlackElo "2360"]
[EventDate "2022.08.20"]
[PlyCount "71"]

1.Nf3 Nf6 2.c4 g6 3.Nc3 c5 4.e4 Nc6 5.d4 cxd4 6.Nxd4 Nxd4 7.Qxd4 d6 8.Be3 
Bg7 9.f3 O-O 10.Qd2 a5 11.b3 a4 12.b4 Be6 13.Rc1 Nd7 14.Be2 Rc8 15.Nxa4 b5
16.cxb5 Rxc1+ 17.Qxc1 Qa8 18.Qd1 Bxa2 19.O-O Rc8 20.Nb6 Nxb6 21.Bxb6 Qa3 
22.Bd4 Bh6 23.b6 Qxb4 24.Qd3 e5 25.Bf2 Bc4 26.Qb1 Bb3 27.Qa1 Bc2 28.Qa7 
Qb3 29.b7 Rf8 30.Bb6 Kg7 31.Kh1 Bd3 32.Bxd3 Qxd3 33.Rg1 Qb5 34.b8=Q Rxb8 
35.Qxb8 Be3 36.Ba7 1-0

[Event "22nd EUR-ch (w)"]
[Site "Prague CZE"]
[Date "2022.08.28"]
[Round "8.3"]
[White "Batsiashvili, Nino"]
[Black "Mammadova, Gulnar"]
[Result "0-1"]
[WhiteElo "2466"]
[BlackElo "2380"]
[EventDate "2022.08.20"]
[PlyCount "166"]

1.d4 d5 2.c4 dxc4 3.Nf3 Nf6 4.e3 e6 5.Bxc4 c5 6.O-O a6 7.Re1 Nc6 8.Nc3 b5 
9.Bd3 Bb7 10.a4 b4 11.Ne4 Na5 12.Nxf6+ Qxf6 13.e4 h6 14.d5 c4 15.Bf1 Bc5 
16.Be3 Bxe3 17.Rxe3 O-O 18.e5 Qd8 19.d6 Bd5 20.Nd4 f6 21.Nf5 Ra7 22.Rg3 
fxe5 23.Nxh6+ Kh8 24.Ng4 Qxd6 25.Ne3 Rf4 26.Qh5+ Kg8 27.Rd1 Raf7 28.Rh3 
Kf8 29.Qg5 Kg8 30.Ng4 Rxg4 31.Qxg4 Qc5 32.Qh4 Rf4 33.Qh8+ Kf7 34.Re3 Nc6 
35.Be2 c3 36.bxc3 bxc3 37.Rf1 c2 38.Rg3 Ke7 39.Rxg7+ Kd6 40.Qc8 Qxf2+ 41.
Rxf2 c1=Q+ 42.Rf1 Qe3+ 43.Kh1 Qxe2 44.Qc7+ Kc5 45.Rc1+ Rc4 46.Rxc4+ Qxc4 
47.h3 Qxa4 48.Rg4 Qa1+ 49.Kh2 e4 50.Rg3 Qc1 51.Qf7 Qd2 52.Qf8+ Kd4 53.h4 
e5 54.h5 e3 55.Rg4+ e4 56.Qf4 Ne5 57.Rg3 Qf2 58.Qh6 Nf3+ 59.Kh3 Ng1+ 60.
Kh2 Ne2 61.Qb6+ Kd3 62.Qxa6+ Bc4 63.Qa3+ Kd2 64.Qb2+ Kd3 65.Qa3+ Kd2 66.
Qb4+ Kd1 67.Qb1+ Nc1 68.Qxe4 e2 69.Re3 Qxe3 70.Qxe3 e1=Q 71.Qd4+ Bd3 72.h6
Qe6 73.Qh4 Qg6 74.Qa4+ Ke2 75.Qf4 Nb3 76.g4 Nd2 77.Kg3 Nf1+ 78.Kh4 Ne3 79.
Qh2+ Kf3 80.Qh3+ Ke4 81.Qh1+ Ke5 82.Qh2+ Ke6 83.Qh1 Qxh6+ 0-1

[Event "22nd EUR-ch (w)"]
[Site "Prague CZE"]
[Date "2022.08.28"]
[Round "8.4"]
[White "Danielian, Elina"]
[Black "Sargsian, Anna M."]
[Result "1-0"]
[WhiteElo "2441"]
[BlackElo "2378"]
[EventDate "2022.08.20"]
[PlyCount "99"]

1.Nf3 Nf6 2.c4 g6 3.Nc3 Bg7 4.e4 d6 5.d4 O-O 6.h3 Nc6 7.d5 Ne5 8.Nxe5 dxe5
9.Be3 Nd7 10.f3 f5 11.Qc2 f4 12.Bf2 Nf6 13.O-O-O Bd7 14.c5 Qc8 15.Bc4 Kh8 
16.Kb1 c6 17.Rd2 Qc7 18.Rhd1 Rae8 19.Qb3 g5 20.dxc6 bxc6 21.Be6 Bxe6 22.
Qxe6 Rb8 23.h4 gxh4 24.Bxh4 Qa5 25.Rc2 Qc7 26.Bxf6 Bxf6 27.Rd7 Qa5 28.Ne2 
Qa6 29.Nc1 Rg8 30.Rxe7 Bxe7 31.Qxe5+ Bf6 32.Qxf6+ Rg7 33.Qxf4 Rbg8 34.Qf6 
Qc8 35.Nd3 Rf8 36.Qc3 Qe6 37.b3 h6 38.Nf2 Kh7 39.Ng4 Rd8 40.Ne3 Qd7 41.Nf5
Qd1+ 42.Kb2 Rf7 43.Nd6 Rg7 44.g4 Rg6 45.g5 Rd7 46.f4 Re7 47.e5 Qf1 48.Qd4 
Qf3 49.Nf5 Rf7 50.Nh4 1-0

[Event "22nd EUR-ch (w)"]
[Site "Prague CZE"]
[Date "2022.08.28"]
[Round "8.5"]
[White "Ushenina, Anna"]
[Black "Babiy, Olga"]
[Result "1/2-1/2"]
[WhiteElo "2423"]
[BlackElo "2296"]
[EventDate "2022.08.20"]
[PlyCount "82"]

1.d4 d5 2.c4 dxc4 3.e3 a6 4.Bxc4 Nf6 5.Nf3 e6 6.O-O c5 7.Re1 b5 8.Bf1 Bb7 
9.a4 bxa4 10.Qxa4+ Qd7 11.Nbd2 cxd4 12.Nxd4 Nc6 13.Nc2 Be7 14.Nc4 Rd8 15.
b3 O-O 16.Bb2 Qc7 17.h3 Ne4 18.Nd4 Nc5 19.Qa2 Qb8 20.Nxc6 Bxc6 21.Bd4 Qxb3
22.Qe2 Qb8 23.Qg4 g6 24.Rab1 Qc7 25.Rec1 h5 26.Qe2 Be4 27.Be5 Qa7 28.Na5 
Bxb1 29.Rxb1 Qd7 30.g4 Qd5 31.Ba1 Ne4 32.Bg2 Qxa5 33.Bxe4 Rb8 34.Rf1 Rfd8 
35.Bd4 hxg4 36.hxg4 e5 37.Ra1 Qb5 38.Bd3 Qd5 39.Bc4 Qe4 40.Bd3 Qd5 41.Bc4 
Qe4 1/2-1/2

[Event "22nd EUR-ch (w)"]
[Site "Prague CZE"]
[Date "2022.08.28"]
[Round "8.6"]
[White "Brunello, Marina"]
[Black "Fataliyeva, Ulviyya"]
[Result "0-1"]
[WhiteElo "2341"]
[BlackElo "2413"]
[EventDate "2022.08.20"]
[PlyCount "102"]

1.e4 c6 2.d4 d5 3.e5 Bf5 4.Nf3 e6 5.Be2 Ne7 6.O-O c5 7.Be3 Nec6 8.dxc5 Nd7
9.Nd4 Nxd4 10.Bxd4 Bxc5 11.Bxc5 Nxc5 12.Bb5+ Kf8 13.Qd4 Qb6 14.Na3 Rc8 15.
Rac1 Nd7 16.Qf4 Rd8 17.Rfd1 g5 18.Qxg5 Nxe5 19.Qf4 f6 20.b4 Kf7 21.Be2 
Rhg8 22.c3 Be4 23.g3 Rg5 24.Nb5 Rf5 25.Qe3 Qxe3 26.fxe3 Nf3+ 27.Bxf3 Rxf3 
28.Re1 e5 29.a4 a6 30.Na3 h5 31.Nb1 Bxb1 32.Rxb1 Rc8 33.Rbc1 Rc4 34.Kg2 e4
35.Rc2 b6 36.Kh3 a5 37.bxa5 bxa5 38.Rd1 Ke6 39.Rb2 Rxe3 40.Rb6+ Ke5 41.Rb8
Rc6 42.Re8+ Re6 43.Rh8 Rxc3 44.Rxh5+ f5 45.Rf1 Rf6 46.Kg2 Rc2+ 47.Kg1 e3 
48.g4 d4 49.Rhxf5+ Rxf5 50.Rxf5+ Ke4 51.Rf8 d3 0-1

[Event "22nd EUR-ch (w)"]
[Site "Prague CZE"]
[Date "2022.08.28"]
[Round "8.7"]
[White "Mkrtchian, Lilit"]
[Black "Narva, Mai"]
[Result "1-0"]
[WhiteElo "2362"]
[BlackElo "2405"]
[EventDate "2022.08.20"]
[PlyCount "53"]

1.Nf3 d5 2.d4 Nf6 3.c3 e6 4.Bf4 Bd6 5.e3 O-O 6.Nbd2 b6 7.Ne5 Bb7 8.Bd3 c5 
9.Qf3 Nc6 10.Qh3 g6 11.Ndf3 Qc7 12.Bg5 Ne4 13.Bxe4 dxe4 14.Bf6 h5 15.g4 
exf3 16.gxh5 g5 17.Qg4 Rfc8 18.Qxg5+ Kf8 19.h6 Nxe5 20.dxe5 Ke8 21.exd6 
Qxd6 22.h7 Kd7 23.Rd1 Bd5 24.c4 Qc6 25.cxd5 Qb5 26.dxe6+ Kc7 27.Rd7+ 1-0

[Event "22nd EUR-ch (w)"]
[Site "Prague CZE"]
[Date "2022.08.28"]
[Round "8.8"]
[White "Gaponenko, Inna"]
[Black "Injac, Teodora"]
[Result "1-0"]
[WhiteElo "2339"]
[BlackElo "2389"]
[EventDate "2022.08.20"]
[PlyCount "123"]

1.e4 e5 2.Nf3 Nc6 3.Bb5 a6 4.Ba4 Nf6 5.O-O Be7 6.d3 b5 7.Bb3 d6 8.a3 Na5 
9.Ba2 c5 10.Nc3 Be6 11.Nh4 O-O 12.Nf5 Nc6 13.f4 Bxf5 14.exf5 exf4 15.Nd5 
Nxd5 16.Bxd5 Rc8 17.Bxf4 Bf6 18.c3 Ne7 19.Bb7 Rb8 20.Be4 d5 21.Bf3 Nxf5 
22.Bxb8 Qxb8 23.Bxd5 Ne3 24.Qf3 Nxf1 25.Rxf1 Qe5 26.Qf5 Qxf5 27.Rxf5 Re8 
28.Bb7 Re5 29.Rxe5 Bxe5 30.Bxa6 b4 31.axb4 cxb4 32.cxb4 Bd4+ 33.Kf1 f5 34.
Bc8 g6 35.g4 fxg4 36.Bxg4 Kf7 37.Ke2 Kf6 38.b5 Ke5 39.Kd2 Kd6 40.Kc2 Kc5 
41.Bd7 Kb4 42.Be8 g5 43.h3 Bb6 44.Kd2 Bd4 45.Ke2 h5 46.Bxh5 Kxb5 47.b3 Kc5
48.Kf3 Kd5 49.Kg4 Bf6 50.Kf5 Bd8 51.Bf7+ Kd6 52.b4 Be7 53.b5 Bd8 54.d4 Kc7
55.Ke6 Kb6 56.Be8 Bc7 57.Kf5 Bd8 58.Bc6 Be7 59.Ke6 Bd8 60.d5 Kc7 61.d6+ 
Kc8 62.d7+ 1-0

[Event "22nd EUR-ch (w)"]
[Site "Prague CZE"]
[Date "2022.08.28"]
[Round "8.9"]
[White "Rapport, Jovana"]
[Black "Kiolbasa, Oliwia"]
[Result "1/2-1/2"]
[WhiteElo "2294"]
[BlackElo "2383"]
[EventDate "2022.08.20"]
[PlyCount "64"]

1.e4 e5 2.Nf3 Nc6 3.d4 exd4 4.Nxd4 Bc5 5.Nxc6 Qf6 6.Qf3 Qxf3 7.gxf3 bxc6 
8.Nd2 d6 9.Nb3 Bb6 10.a4 a5 11.Rg1 Kf8 12.Be3 Bxe3 13.fxe3 Ne7 14.O-O-O 
Be6 15.Nd4 Bd7 16.f4 g6 17.h4 Rg8 18.Rd2 Rb8 19.b3 Rb4 20.c3 Rb8 21.Kb2 f5
22.e5 d5 23.c4 c5 24.Nb5 c6 25.Nd6 Kg7 26.Rc2 d4 27.Rd2 dxe3 28.Rd3 Be6 
29.Rxe3 h5 30.Be2 Kh6 31.Bf3 Rb6 32.Kc2 Rbb8 1/2-1/2

[Event "22nd EUR-ch (w)"]
[Site "Prague CZE"]
[Date "2022.08.28"]
[Round "8.10"]
[White "Dzagnidze, Nana"]
[Black "Balajayeva, Khanim"]
[Result "0-1"]
[WhiteElo "2531"]
[BlackElo "2344"]
[EventDate "2022.08.20"]
[PlyCount "84"]

1.c4 e5 2.Nc3 Nf6 3.Nf3 Nc6 4.g3 Nd4 5.Bg2 Nxf3+ 6.Bxf3 Bb4 7.O-O O-O 8.d4
Bxc3 9.bxc3 e4 10.Bg2 d5 11.Bg5 dxc4 12.f3 h6 13.Bxf6 Qxf6 14.fxe4 Qg5 15.
Rf4 Bd7 16.e5 Rab8 17.a4 a5 18.e3 c6 19.Be4 Be6 20.Qf3 Qd8 21.Rf1 Qe7 22.
Bc2 Bd5 23.Qh5 Qg5 24.Qe2 Be6 25.Bf5 Qe7 26.Bb1 b5 27.Qc2 g6 28.axb5 Rxb5 
29.Qg2 Rfb8 30.Be4 Rb2 31.Qf3 a4 32.Bxc6 a3 33.d5 Bf5 34.d6 Qxe5 35.d7 a2 
36.Rd4 Rd8 37.Be4 Rb1 38.Bxb1 axb1=Q 39.Rxb1 Bxb1 40.Kf2 Qf5 41.e4 Qxf3+ 
42.Kxf3 Bd3 0-1

[Event "22nd EUR-ch (w)"]
[Site "Prague CZE"]
[Date "2022.08.28"]
[Round "8.11"]
[White "Javakhishvili, Lela"]
[Black "Beydullayeva, Govhar"]
[Result "0-1"]
[WhiteElo "2476"]
[BlackElo "2339"]
[EventDate "2022.08.20"]
[PlyCount "142"]

1.d4 Nf6 2.c4 e6 3.Nf3 b6 4.g3 Ba6 5.b3 Bb4+ 6.Bd2 Be7 7.Nc3 d5 8.cxd5 
exd5 9.Bg2 O-O 10.O-O Bb7 11.Qc2 Nbd7 12.Bf4 c6 13.Ne5 Re8 14.e4 Nf8 15.
exd5 cxd5 16.Bh3 a6 17.Na4 Bd6 18.Rfe1 Ne6 19.Bxe6 Rxe6 20.f3 Rc8 21.Qf2 
Nh5 22.Bd2 b5 23.Nb2 b4 24.Nbd3 f6 25.Ng4 Rxe1+ 26.Qxe1 a5 27.Qe6+ Kf8 28.
Ne3 g6 29.Nxd5 Kg7 30.Re1 Rc2 31.Re2 Bf8 32.Ne7 Rxd2 33.Rxd2 Bxe7 34.Qe3 
Kf7 35.Nc5 Bd5 36.Nd3 Bd6 37.Rc2 Ng7 38.Nf2 Nf5 39.Qd3 Qb6 40.Ne4 Bxe4 41.
fxe4 Qxd4+ 42.Qxd4 Nxd4 43.Rc8 Ne2+ 44.Kf2 Nc3 45.Ke3 Nxa2 46.Kd3 Ke7 47.
Ra8 Bc7 48.Ra7 Kd7 49.Ra6 Ke7 50.Ra7 Kd6 51.Ra6+ Kc5 52.Rxf6 a4 53.Kc2 a3 
54.Rf7 Be5 55.Re7 Kd4 56.Rxh7 Kxe4 57.Ra7 Nc3 58.Ra6 Nb5 59.Kb1 Nc3+ 60.
Kc2 Ne2 61.Kb1 g5 62.h4 g4 63.h5 Nxg3 64.h6 Ne2 65.Re6 Nf4 66.Re8 g3 67.
Rg8 g2 68.h7 Kf3 69.Ka2 Kf2 70.Rf8 g1=Q 71.Rxf4+ Ke3 0-1

[Event "22nd EUR-ch (w)"]
[Site "Prague CZE"]
[Date "2022.08.28"]
[Round "8.12"]
[White "Salimova, Nurgyul"]
[Black "Antova, Gabriela"]
[Result "1-0"]
[WhiteElo "2404"]
[BlackElo "2269"]
[EventDate "2022.08.20"]
[PlyCount "141"]

1.d4 d5 2.Nf3 Nf6 3.c4 c6 4.e3 e6 5.b3 Nbd7 6.Bd3 Bd6 7.Bb2 Ne4 8.O-O f5 
9.Ne5 Qf6 10.f4 Bc7 11.Nd2 O-O 12.Ndf3 Qh6 13.Ba3 Re8 14.Nxd7 Bxd7 15.Bxe4
fxe4 16.Ne5 Bxe5 17.dxe5 Rac8 18.Bd6 Red8 19.Qd4 b6 20.c5 b5 21.a4 bxa4 
22.Rxa4 Ra8 23.Qa1 Qh5 24.Rxa7 Qe8 25.Ra4 h5 26.Rf2 Rxa4 27.bxa4 Bc8 28.a5
Ba6 29.f5 exf5 30.Rxf5 Qg6 31.Rf4 Kh7 32.Qe1 Rd7 33.Qg3 Rf7 34.Rxf7 Qxf7 
35.h3 Qf5 36.Qe1 g5 37.Qb1 Bb5 38.Qa1 Ba6 39.Qb2 Bb5 40.Qf2 Kg6 41.Qg3 Be2
42.h4 g4 43.Qf2 Bb5 44.Qxf5+ Kxf5 45.Kf2 Ba6 46.Kg3 Bf1 47.e6 Kxe6 48.Kf4 
g3 49.Be5 Be2 50.Bd4 Kd7 51.Kxg3 Kc8 52.Kf4 Kb7 53.Ke5 Bg4 54.Kd6 Be2 55.
Be5 Bg4 56.a6+ Kxa6 57.Kxc6 Bf5 58.Bd4 Ka7 59.Kc7 Ka8 60.c6 Bg4 61.Kd6 Kb8
62.Kxd5 Bf5 63.Ke5 Bg6 64.Kf6 Be8 65.Be5+ Kc8 66.g4 hxg4 67.Kg5 Bxc6 68.h5
Bd5 69.h6 Bg8 70.Kg6 Kd7 71.Kg7 1-0

[Event "22nd EUR-ch (w)"]
[Site "Prague CZE"]
[Date "2022.08.28"]
[Round "8.13"]
[White "Tsolakidou, Stavroula"]
[Black "Lazarne Vajda, Szidonia"]
[Result "1-0"]
[WhiteElo "2388"]
[BlackElo "2313"]
[EventDate "2022.08.20"]
[PlyCount "85"]

1.e4 e5 2.Nf3 Nc6 3.d4 exd4 4.Nxd4 Nf6 5.Nxc6 bxc6 6.e5 Qe7 7.Qe2 Nd5 8.h4
a5 9.g3 Ba6 10.c4 f6 11.b3 fxe5 12.Nd2 Nf6 13.Bb2 e4 14.Bh3 d5 15.O-O Qf7 
16.Nf3 Bd6 17.Ng5 Qh5 18.Qxh5+ Nxh5 19.Rfd1 Nf6 20.Be6 Bb7 21.Rac1 a4 22.
b4 e3 23.cxd5 cxd5 24.Re1 exf2+ 25.Kxf2 Kf8 26.Nf7 Ne4+ 27.Rxe4 dxe4 28.
Nxd6 Ke7 29.Nxb7 Rhf8+ 30.Ke2 Kxe6 31.Rxc7 Rf3 32.Rxg7 Raf8 33.Nc5+ Kd5 
34.Rg5+ Kc4 35.Nxe4 Kxb4 36.Bd4 R8f5 37.Bc5+ Kb5 38.Rxf5 Rxf5 39.Nd6+ Kxc5
40.Nxf5 Kb4 41.Kd3 Ka3 42.Kc2 Kxa2 43.g4 1-0

[Event "22nd EUR-ch (w)"]
[Site "Prague CZE"]
[Date "2022.08.28"]
[Round "8.14"]
[White "Radeva, Viktoria"]
[Black "Roebers, Eline"]
[Result "0-1"]
[WhiteElo "2289"]
[BlackElo "2324"]
[EventDate "2022.08.20"]
[PlyCount "74"]

1.e4 c5 2.Nf3 d6 3.d4 cxd4 4.Nxd4 Nf6 5.Nc3 a6 6.Be2 e5 7.Nb3 Be7 8.O-O 
O-O 9.Kh1 Nc6 10.f4 Re8 11.f5 b5 12.Bf3 Bb7 13.a3 h6 14.g4 Nh7 15.Nd5 Bg5 
16.Bxg5 Nxg5 17.Bg2 Ne7 18.Nxe7+ Qxe7 19.Qe1 Rac8 20.c3 Red8 21.Rd1 Rc4 
22.Nd2 Ra4 23.Qe3 d5 24.f6 gxf6 25.h4 Ne6 26.b3 Rxa3 27.exd5 Bxd5 28.Bxd5 
Rxd5 29.Ne4 Rxd1 30.Rxd1 Nf4 31.Qb6 Kg7 32.Nd6 Qe6 33.Qd8 Ra1 34.Nf5+ Kh7 
35.Kh2 Qc6 36.Qg8+ Kxg8 37.Ne7+ Kg7 0-1

[Event "22nd EUR-ch (w)"]
[Site "Prague CZE"]
[Date "2022.08.28"]
[Round "8.15"]
[White "Stefanova, Antoaneta"]
[Black "Urh, Zala"]
[Result "0-1"]
[WhiteElo "2472"]
[BlackElo "2262"]
[EventDate "2022.08.20"]
[PlyCount "48"]

1.Nf3 Nf6 2.c4 e6 3.b3 d5 4.Bb2 c5 5.e3 Nc6 6.cxd5 exd5 7.Bb5 Bd6 8.Ne5 
O-O 9.f4 Bxe5 10.fxe5 Ng4 11.Bxc6 bxc6 12.Qf3 d4 13.exd4 cxd4 14.Qe4 Qh4+ 
15.g3 Qh3 16.Bxd4 Nxh2 17.Nc3 Qxg3+ 18.Kd1 Bg4+ 19.Kc2 Bf3 20.Qd3 Rad8 21.
e6 c5 22.e7 Rxd4 23.exf8=Q+ Kxf8 24.Rhg1 Bd1+ 0-1